South American Clubs by Major International Honours Won - Statistics

General Stats
  • This quiz has been taken 21 times
  • The average score is 9 of 13
Answer Stats
C. Libertadores C. Sudamericana Recopa Sud. 🌎 IC / Club WC Clubs % Correct
4 1 3 1 πŸ‡¦πŸ‡· River Plate | 9πŸ†
100%
6 2 4 3 πŸ‡¦πŸ‡· Boca Juniors | 15πŸ†
91%
4 ― 1 1 πŸ‡§πŸ‡· Flamengo | 6πŸ†
82%
7 2 1 2 πŸ‡¦πŸ‡· Independiente | 12πŸ†
82%
3 ― 1 3 πŸ‡ΊπŸ‡Ύ Nacional | 7πŸ†
82%
3 ― 1 2 πŸ‡§πŸ‡· Santos | 6πŸ†
82%
3 1 2 3 πŸ‡§πŸ‡· SΓ£o Paulo | 9πŸ†
82%
5 ― ― 3 πŸ‡ΊπŸ‡Ύ PeΓ±arol | 8πŸ†
64%
4 ― ― 1 πŸ‡¦πŸ‡· Estudiantes | 5πŸ†
55%
3 ― 2 1 πŸ‡΅πŸ‡Ύ Olimpia | 6πŸ†
55%
3 ― 2 1 πŸ‡§πŸ‡· GrΓͺmio | 6πŸ†
45%
2 1 2 1 πŸ‡§πŸ‡· Internacional | 6πŸ†
45%
1 2 2 ― πŸ‡ͺπŸ‡¨ LDU Quito | 5πŸ†
36%
No matching quizzes found
Score Distribution
Percent of People with Each Score
Percentile by Number Answered
Your Score History
You have not taken this quiz